000
00295nam a22001337a 4500
008
171221b xxu||||| |||| 00| 0 eng d
020
_a
1560551984
041
_a
eng
080
_a
617
100
_a
8
101
_a
SHM
245
_a
ELECTRONPHYSIOLOGIC TESTING
_c
FISHMAN.D.G
942
_2
udc
_c
BK
999
_c
39273
_d
39273